Latorre y la vocación marítima de Chile
Αποθηκεύτηκε σε:
| Κύριος συγγραφέας: | |
|---|---|
| Μορφή: | Βιβλίο |
| Γλώσσα: | Ισπανικά |
| Έκδοση: |
Santiago
Impresiones Eire
1980
|
| Έκδοση: | 2a. ed |
| Θέματα: | |
| Ετικέτες: |
Προσθήκη ετικέτας
Δεν υπάρχουν, Καταχωρήστε ετικέτα πρώτοι!
|
MARC
| LEADER | 00000nam a2200000 a 4500 | ||
|---|---|---|---|
| 001 | UCO4634 | ||
| 003 | CL-VaPUC | ||
| 008 | 000811e19800000CL |||||||||||||||||spa|d | ||
| 082 | 0 | 4 | |a 923.5 |b ESP |2 21 |
| 100 | 0 | |a Espinosa Moraga, Oscar |e author |9 449264 | |
| 245 | 1 | 0 | |a Latorre y la vocación marítima de Chile |
| 250 | |a 2a. ed | ||
| 300 | |a 109 p | ||
| 942 | |c BK | ||
| 945 | |d 20000811 00:00:00 |a rbrito | ||
| 260 | |a Santiago |b Impresiones Eire |c 1980 | ||
| 600 | 0 | |a Latorre Benavente, Juan José |d 1846-1912 |9 449265 | |
| 650 | 0 | |a Fuerzas Armadas |9 255504 | |
| 650 | 0 | |a Biografías |9 255210 | |
| 651 | 7 | |a CHILE |2 CL-VaPUC |9 449266 | |
| 583 | |a last modification |c 20150522 12:40:35 |k Rodrigo Vera | ||
| 999 | |c 290659 |d 290657 | ||
| 952 | |0 0 |1 0 |4 0 |6 923_500000000000000_ESP_1980 |7 0 |8 A |9 340187 |a BIBHIS |b BIBHIS |d 2019-11-20 |i 3641015 |o 923.5 ESP 1980 |p 3641015 |r 2025-01-20 |w 2019-11-20 |y BK |k HIS | ||